2010s Albums (Medium) - Statistics

General Stats
  • This quiz has been taken 1,057 times
    1,020 since last reset
  • The average score is 14 of 20
Answer Stats
Picture Answer % Correct
1989 - Taylor Swift
96%
Starboy - The Weeknd
88%
Igor - Tyler, the Creator
85%
AM - Arctic Monkeys
82%
Blonde - Frank Ocean
79%
In The Lonely Hour - Sam Smith
79%
Doo-Wops & Hooligans - Bruno Mars
77%
Rodeo - Travis Scott
75%
My Beautiful Dark Twisted Fantasy - Kanye West
74%
To Pimp a Butterfly - Kendrick Lamar
73%
Hot Pink - Doja Cat
71%
Norman F*****g Rockwell - Lana Del Rey
70%
Currents - Tame Impala
69%
Blurryface - Twenty One Pilots
67%
Kiss - Carly Rae Jepsen
62%
Recovery - Eminem
62%
Baby on Baby - DaBaby
61%
Globalization - Pitbull
59%
Hollywood's Bleeding - Post Malone
48%
Hands All Over - Maroon 5
31%
No matching quizzes found
Score Distribution
Percent of People with Each Score
Percentile by Number Answered
Your Score History
You have not taken this quiz since the last reset